000
00338 a2200157 4500
001
74937
020
_a
9788516059248
040
_c
Anchieta - Colégio São Paulo
100
_a
Orensztejn, Miriam
240
1
0
_a
Geografia
_l
por
245
1
0
_a
Geografia
300
_a
136
362
0
_a
2009
650
4
_a
Geografia e viagens
942
_c
BK
999
_c
74937
_d
74937